Meilleurs pays en équitation par Jeux Olympiques - Statistiques

Statistiques générales
  • Ce quiz a été pris 139 fois
  • Le résultat moyen est 68 sur 83
Statistiques - réponses
Jeux Pays Nombre de Médailles % Correct
Paris 1900 France 8
100%
Stockholm 1912 France 3
100%
Los Angeles 1932 France 3
100%
Berlin 1936 France 1
100%
Londres 1948 France 4
100%
Helsinki 1952 France 3
100%
Tokyo 1964 France 2
100%
Séoul 1988 France 3
100%
Rio 2016 France 3
100%
Los Angeles 1932 États Unis 5
94%
Berlin 1936 États Unis 1
94%
Londres 1948 États Unis 3
94%
Mexico 1968 États Unis 3
94%
Montréal 1976 États Unis 4
94%
Los Angeles 1984 États Unis 5
94%
Atlanta 1996 États Unis 4
94%
Sydney 2000 États Unis 3
94%
Athènes 2004 États Unis 5
94%
Pékin 2008 États Unis 3
94%
Stockholm 1912 Allemagne 4
92%
Amsterdam 1928 Allemagne 3
92%
Berlin 1936 Allemagne 7
92%
Helsinki 1952 Allemagne 4
92%
Melbourne (Stockholm) 1956 Allemagne 6
92%
Barcelone 1992 Allemagne 7
92%
Atlanta 1996 Allemagne 4
92%
Sydney 2000 Allemagne 4
92%
Athènes 2004 Allemagne 4
92%
Pékin 2008 Allemagne 5
92%
Londres 2012 Allemagne 4
92%
Rio 2016 Allemagne 6
92%
Tokyo 2020 Allemagne 4
92%
Mexico 1968 Allemagne de l'Ouest 4
92%
Munich 1972 Allemagne de l'Ouest 5
92%
Montréal 1976 Allemagne de l'Ouest 7
92%
Los Angeles 1984 Allemagne de l'Ouest 4
92%
Séoul 1988 Allemagne de l'Ouest 5
92%
Tokyo 1964 Équipe Unifiée d'Allemagne 6
92%
Melbourne (Stockholm) 1956 Royaume Uni 3
91%
Mexico 1968 Royaume Uni 4
91%
Munich 1972 Royaume Uni 3
91%
Los Angeles 1984 Royaume Uni 3
91%
Séoul 1988 Royaume Uni 3
91%
Athènes 2004 Royaume Uni 3
91%
Londres 2012 Royaume Uni 5
91%
Rio 2016 Royaume Uni 3
91%
Tokyo 2020 Royaume Uni 5
91%
Paris 1900 Italie 2
84%
Anvers 1920 Italie 5
84%
Rome 1960 Italie 3
84%
Tokyo 1964 Italie 3
84%
Munich 1972 Italie 3
84%
Moscou 1980 Italie 2
84%
Pékin 2008 Canada 2
82%
Paris 1900 Belgique 5
75%
Anvers 1920 Belgique 5
75%
Paris 1924 Suisse 2
75%
Rome 1960 Suisse 3
75%
Tokyo 1964 Suisse 2
75%
Montréal 1976 Suisse 2
75%
Stockholm 1912 Suède 6
73%
Anvers 1920 Suède 9
73%
Paris 1924 Suède 4
73%
Amsterdam 1928 Suède 3
73%
Helsinki 1952 Suède 4
73%
Melbourne (Stockholm) 1956 Suède 3
73%
Tokyo 2020 Suède 2
73%
Paris 1924 Pays Bas 2
66%
Amsterdam 1928 Pays Bas 4
66%
Los Angeles 1932 Pays Bas 2
66%
Berlin 1936 Pays Bas 1
66%
Barcelone 1992 Pays Bas 3
66%
Sydney 2000 Pays Bas 4
66%
Londres 2012 Pays Bas 4
66%
Rome 1960 Australie 3
61%
Barcelone 1992 Australie 2
61%
Londres 1948 Mexique 4
52%
Moscou 1980 Mexique 3
52%
Berlin 1936 Pologne 1
50%
Moscou 1980 Pologne 2
50%
Moscou 1980 Union Soviétique 8
30%
Atlanta 1996 Nouvelle Zélande 3
27%
Berlin 1936 Roumanie 1
19%
Aucun quiz correspondant
Distribution des résultats
% des personnes avec chaque résultat
Percentile par nombre de réponses
Votre historique - résultats
Vous n’avez pas pris ce quiz